000 00631nmm a2200193Ia 4500
008 251105s9999||||xx |||||||||||||||||und||
020 _a9789681684488
041 _aspa
100 _aRubio, Luis
245 0 _aEl acertijo de la legitimidad :
_b Por una democracia eficaz en un entorno de la legalidad y desarrollo
264 _a[México D.C., Mexico] :
_bFondo de Cultura Económica,
_c2016
300 _a196 páginas
490 _aPolítica y Derecho
650 _aPolitical Science (General)
700 _aRubio, Luis
700 1 _a Jaime, Edna
856 _uhttps://public.digitaliapublishing.com/a/64231
942 _cCF
999 _c70824
_d70824